| 000 | 00374nam a2200157Ia 4500 | ||
|---|---|---|---|
| 008 | 221030s9999 xx 000 0 und d | ||
| 020 | _a818054575X | ||
| 041 | _aEnglish | ||
| 082 | _a105.23 | ||
| 100 | _aL. M. Prasad | ||
| 245 | 0 | _aPrinciples & Practice of Management | |
| 260 |
_bS. Chand & Sons _aNew Delhi _c2007 |
||
| 300 | _a884 | ||
| 650 | _aManagement | ||
| 942 | _cBK | ||
| 999 |
_c695 _d695 |
||